Etiqueta masculina (Record no. 61140)

MARC details
000 -LEADER
campo de control de longitud fija 00675nam a2200193 i 4500
001 - NÚMERO DE CONTROL
campo de control 61140
003 - IDENTIFICADOR DE NÚMERO DE CONTROL
campo de control ES-MaACL
005 - FECHA Y HORA DE LA ÚLTIMA TRANSACCIÓN
campo de control 20250807233442.0
007 - CAMPO FIJO DE DESCRIPCIÓN FÍSICA--INFORMACIÓN GENERAL
campo de control de longitud fija t|
008 - DATOS DE LONGITUD FIJA--INFORMACIÓN GENERAL
campo de control de longitud fija 031110s1957 sp |||| | spa d
245 00 - MENCIÓN DEL TÍTULO
Título Etiqueta masculina
Resto del título : según las normas de "Esquire Magazine" /
Mención de responsabilidad, etc. con un prólogo de W. Fernández Flórez ; [traductor, Martín Millanes].
260 ## - PUBLICACIÓN, DISTRIBUCIÓN, ETC.
Lugar de publicación, distribución, etc. Barcelona :
Nombre del editor, distribuidor, etc. Iberia,
Fecha de publicación, distribución, etc. [1957]
300 ## - DESCRIPCIÓN FÍSICA
Extensión XX, 407 p. :
Otras características físicas il. ;
Dimensiones 22 cm.
650 07 - PUNTO DE ACCESO ADICIONAL DE MATERIA--TÉRMINO DE MATERIA
Término de materia o nombre geográfico como elemento de entrada Etiqueta para hombres
Fuente del encabezamiento o término embne
9 (RLIN) 168579
700 1# - ENTRADA AGREGADA--NOMBRE PERSONAL
Nombre de persona Fernández Flórez, Wenceslao,
Fechas asociadas al nombre 1885-1964
9 (RLIN) 49790
700 1# - ENTRADA AGREGADA--NOMBRE PERSONAL
Nombre de persona Millanes, Martín.
9 (RLIN) 81165
852 ## - LOCALIZACIÓN
Ubicación ES-MaACL
Número de control de estantería C-13615
Holdings
Estatus retirado Estado de pérdida Estado de daño No para préstamo Biblioteca de origen Biblioteca actual Ubicación en estantería Fecha de adquisición Fuente de adquisición Total de préstamos Signatura topográfica completa Código de barras Visto por última vez Precio de reemplazo Tipo de ítem Koha
        Biblioteca del Ateneo de Madrid Biblioteca del Ateneo de Madrid Sala Palomar 17/01/2008     C-13615 1064114 23/02/2023 23/02/2023 Libro impreso